[Event "Asia-ch Universities"]
[Site "Chess.com INT"]
[Date "2020.12.28"]
[Round "4"]
[White "Al Mamari, Ali Abdullah"]
[Black "Doluweera, Dinul Thisura"]
[Result "0-1"]
[WhiteElo "1375"]
[BlackElo "1863"]
[PlyCount "150"]
[EventDate "2020.12.27"]
[EventType "swiss"]
[EventRounds "9"]
[EventCountry "IRI"]
[SourceTitle "CBM 200 Extra"]
[Source "ChessBase"]
[SourceDate "2021.03.31"]
[SourceVersion "1"]
[SourceVersionDate "2021.03.31"]
[SourceQuality "1"]

1. e4 e6 2. d3 d5 3. Qe2 Be7 4. g3 Nf6 5. e5 Nfd7 6. Bg2 c5 7. Nf3 Nc6 8. 0-0 b5 9. Bf4 a5 10. a3 Ba6 11. Nbd2 b4 12. Rfe1 0-0 13. h4 Nb6 14. Nf1 c4 15. Bg5 a4 16. Ne3 b3 17. Rad1 bxc2 18. Qxc2 Rc8 19. d4 h6 20. Bf4 Na5 21. h5 Nb3 22. Ng4 c3 23. bxc3 Nc4 24. Nh4 Bxh4 25. gxh4 Qxh4 26. Qe2 Rc6 27. Bxh6 Nxa3 28. Qf3 Nb5 29. Bxg7 Kxg7 30. Qf6+ Qxf6 31. exf6+ Kh7 32. Ne5 Rxc3 33. Kh2 Rc7 34. Rg1 Rg8 35. Bf3 N5xd4 36. Rxg8 Nxf3+ 37. Nxf3 Kxg8 38. Rg1+ Kh8 39. Rg7 Be2 40. Ng5 Bxh5 41. Rh7+ Kg8 42. Rxh5 Nd4 43. Rh4 e5 44. Rh3 Nf5 45. Rf3 Nd4 46. Rg3 Kf8 47. Nh7+ Ke8 48. Rg8+ Kd7 49. Ra8 Nf3+ 50. Kg2 e4 51. Rxa4 Ke6 52. Ra6+ Kf5 53. Rd6 d4 54. Rd5+ Kg6 55. Nf8+ Kxf6 56. Nh7+ Kg6 57. Nf8+ Kg7 58. Nd7 Rxd7 59. Rxd7 Kg6 60. Kf1 d3 61. Kg2 f5 62. Rd6+ Kg5 63. Rd8 Kf4 64. Rd7 Ke5 65. Kf1 Kf4 66. Kg2 Ne5 67. Rd8 Ng4 68. f3 exf3+ 69. Kf1 Ke3 70. Re8+ Kd2 71. Rg8 Kd1 72. Rf8 d2 73. Rxf5 Ne3+ 74. Kf2 Nxf5 75. Kxf3 Ke1 0-1

[Event "World University-ch"]
[Site "Aracaju"]
[Date "2018.09.18"]
[Round "9"]
[White "Molenda, Marcin"]
[Black "Doluweera, Dinul Thisura"]
[Result "1-0"]
[WhiteElo "2372"]
[BlackElo "1887"]
[PlyCount "81"]
[EventDate "2018.09.13"]
[EventType "swiss"]
[EventRounds "9"]
[EventCountry "BRA"]
[SourceTitle "CBM 186 Extra"]
[Source "ChessBase"]
[SourceDate "2018.08.24"]
[SourceVersion "1"]
[SourceVersionDate "2018.08.24"]
[SourceQuality "1"]

1. d4 e6 2. c4 d5 3. Nf3 Nf6 4. g3 dxc4 5. Bg2 Bd7 6. Ne5 Bc6 7. Nxc6 Nxc6 8. 0-0 Qd7 9. e3 Rd8 10. Qa4 Nb4 11. Qxd7+ Rxd7 12. Na3 c5 13. dxc5 Bxc5 14. Nxc4 Nd3 15. a3 0-0 16. b4 Be7 17. Na5 Nd5 18. Bxd5 exd5 19. Rd1 Bf6 20. Rb1 Nxc1 21. Rbxc1 Bb2 22. Rb1 Bf6 23. Rd3 Rfd8 24. Rbd1 Rc7 25. e4 d4 26. f4 b6 27. Nb3 Rc3 28. Kf2 Kf8 29. Ke2 Ke8 30. e5 Be7 31. Nxd4 Rxd3 32. Rxd3 a5 33. Nc6 Rc8 34. b5 g6 35. Kf3 h5 36. Ke4 Rc7 37. a4 Rd7 38. Rxd7 Kxd7 39. Nxe7 Kxe7 40. Kd5 Kd7 41. h3 1-0

[Event "World University-ch"]
[Site "Aracaju"]
[Date "2018.09.13"]
[Round "1"]
[White "Wang, Yiye"]
[Black "Doluweera, Dinul Thisura"]
[Result "1-0"]
[WhiteElo "2433"]
[BlackElo "1887"]
[PlyCount "79"]
[EventDate "2018.09.13"]
[EventType "swiss"]
[EventRounds "9"]
[EventCountry "BRA"]
[SourceTitle "CBM 186 Extra"]
[Source "ChessBase"]
[SourceDate "2018.08.24"]
[SourceVersion "1"]
[SourceVersionDate "2018.08.24"]
[SourceQuality "1"]

1. c4 Nf6 2. Nc3 e6 3. d4 d5 4. cxd5 exd5 5. Bg5 Be7 6. e3 0-0 7. Bd3 Nbd7 8. Qc2 c6 9. Nge2 Re8 10. 0-0 h6 11. Bf4 Nf8 12. Rab1 a5 13. a3 Bd6 14. b4 axb4 15. axb4 Ne6 16. Bg3 Qe7 17. Bxd6 Qxd6 18. Ng3 Bd7 19. Na4 b5 20. Nf5 Qf8 21. Nc3 g6 22. Ng3 Kg7 23. h3 Qd6 24. f4 Nf8 25. Rf3 Ra3 26. Qb2 Rea8 27. Rbf1 Qe7 28. Bb1 h5 29. f5 g5 30. e4 h4 31. e5 hxg3 32. Rxg3 N8h7 33. Nxd5 Nxd5 34. f6+ Nhxf6 35. Rxa3 Rxa3 36. exf6+ Nxf6 37. Qxa3 Nh5 38. d5 Nf4 39. dxc6 Qe2 40. Qg3 1-0

[Event "Penang op-B 7th"]
[Site "Penang"]
[Date "2015.12.12"]
[Round "9"]
[White "Tan, Jun Hao"]
[Black "Doluweera, Dinul Thisura"]
[Result "1-0"]
[WhiteElo "1971"]
[BlackElo "1815"]
[PlyCount "67"]
[EventDate "2015.12.07"]
[EventType "swiss"]
[EventRounds "9"]
[EventCountry "MAS"]
[SourceTitle "CBM 170 Extra"]
[Source "ChessBase"]
[SourceDate "2016.02.25"]
[SourceVersion "1"]
[SourceVersionDate "2016.02.25"]
[SourceQuality "1"]

1. e4 e6 2. d4 d5 3. exd5 exd5 4. Nf3 Nc6 5. Bf4 Bg4 6. Be2 Bd6 7. Bxd6 Qxd6 8. c3 Nge7 9. 0-0 f6 10. Re1 0-0-0 11. Na3 h5 12. Qa4 Kb8 13. b4 Ng6 14. b5 Nce7 15. b6 Qxb6 16. Rab1 Qc6 17. Bb5 Qd6 18. Ba6 b6 19. Nb5 Qc6 20. Qa3 Bxf3 21. gxf3 Qd7 22. Nxa7 Qf5 23. Bf1 Rh6 24. Qa6 Rd6 25. Nb5 Rc6 26. Na7 Rd6 27. Nb5 Rc6 28. Qa7+ Kc8 29. Nxc7 Qf4 30. Ne6 Rxe6 31. Rxe6 Qg5+ 32. Kh1 Qf4 33. Ba6+ Kd8 34. Qb8+ 1-0

[Event "Wch U18"]
[Site "Al Ain"]
[Date "2013.12.23"]
[Round "7"]
[White "Dolnak, Michal"]
[Black "Doluweera, Dinul Thisura"]
[Result "1/2-1/2"]
[WhiteElo "2164"]
[BlackElo "1803"]
[PlyCount "76"]
[EventDate "2013.12.18"]
[EventType "swiss"]
[EventRounds "11"]
[EventCountry "UAE"]
[SourceTitle "CBM 158 Extra"]
[Source "ChessBase"]
[SourceDate "2014.02.28"]
[SourceVersion "1"]
[SourceVersionDate "2014.02.28"]
[SourceQuality "1"]

1. d4 Nf6 2. c4 g6 3. Nc3 Bg7 4. e4 d6 5. Nf3 0-0 6. Be2 e5 7. 0-0 Nc6 8. d5 Ne7 9. b4 Nh5 10. Re1 f5 11. Ng5 Nf6 12. Bf3 h6 13. Ne6 Bxe6 14. dxe6 c6 15. b5 fxe4 16. Nxe4 Nxe4 17. Bxe4 d5 18. cxd5 cxd5 19. Ba3 dxe4 20. Qxd8 Rfxd8 21. Bxe7 Re8 22. Bc5 Rxe6 23. Be3 a6 24. b6 Rc8 25. Rac1 Rxc1 26. Rxc1 Re7 27. Rc7 Kf7 28. Kf1 Bf8 29. Ke2 Ke8 30. Rc4 Kd7 31. Rxe4 Kd6 32. Rg4 Re6 33. Rc4 Re7 34. f3 h5 35. g4 Re6 36. h3 Bg7 37. h4 Bh8 38. Rc7 Re7 1/2-1/2

[Event "Asia-ch U18"]
[Site "Sari"]
[Date "2013.06.24"]
[Round "4"]
[White "Doluweera, Dinul Thisura"]
[Black "Patil, Pratik"]
[Result "0-1"]
[WhiteElo "1761"]
[BlackElo "2202"]
[PlyCount "104"]
[EventDate "2013.06.21"]
[EventType "swiss"]
[EventRounds "7"]
[EventCountry "IRI"]
[SourceTitle "EXT 2015"]
[Source "ChessBase"]
[SourceDate "2014.11.20"]
[SourceVersion "1"]
[SourceVersionDate "2014.11.20"]
[SourceQuality "1"]

1. d4 Nf6 2. c4 g6 3. Nc3 d5 4. cxd5 Nxd5 5. e4 Nxc3 6. bxc3 Bg7 7. Bc4 c5 8. Ne2 Nc6 9. Be3 0-0 10. 0-0 e6 11. Qd2 Qa5 12. Rad1 b6 13. Bh6 Ba6 14. Bxg7 Kxg7 15. Bxa6 Qxa6 16. f4 f5 17. d5 exd5 18. exd5 Na5 19. g4 Rae8 20. Ng3 Nc4 21. Qd3 Re3 22. Qc2 fxg4 23. d6 Qb7 24. d7 Rd8 25. Nf5+ Kf7 26. Nh6+ Kf8 27. f5 Rf3 28. fxg6 Ne3 29. Qe2 Qe4 30. Nf7 Rxd7 31. gxh7 Qxh7 32. Ng5 Qf5 33. Nxf3 Rxd1 34. Qxe3 Rxf1+ 35. Kxf1 gxf3 36. Kf2 Qc2+ 37. Kxf3 Qxa2 38. h4 Qd5+ 39. Kg4 Kf7 40. Qf4+ Kg6 41. Qe3 Qf5+ 42. Kg3 Kf7 43. Qe2 Kf6 44. Qd2 Qe5+ 45. Kh3 Kg6 46. Qg2+ Kf6 47. Qd2 Ke6 48. Kg4 Qe4+ 49. Kg3 c4 50. Qh6+ Kf7 51. Qc1 b5 52. h5 a5 0-1

[Event "Asia zt 3.2"]
[Site "Colombo"]
[Date "2013.02.05"]
[Round "5"]
[White "Doluweera, Dinul Thisura"]
[Black "Amarasinghe, AACB"]
[Result "0-1"]
[WhiteElo "1780"]
[BlackElo "1868"]
[PlyCount "68"]
[EventDate "2013.02.03"]
[EventType "swiss"]
[EventRounds "9"]
[EventCountry "SRI"]
[SourceTitle "CBM 153 Extra"]
[Source "ChessBase"]
[SourceDate "2013.04.22"]
[SourceVersion "1"]
[SourceVersionDate "2013.04.22"]
[SourceQuality "1"]

1. d4 Nf6 2. c4 c5 3. d5 b5 4. cxb5 a6 5. bxa6 Bxa6 6. Nc3 d6 7. Nf3 g6 8. g3 Bg7 9. Bg2 0-0 10. 0-0 Nbd7 11. Rb1 Qc7 12. b3 Rfb8 13. Qc2 Ra7 14. Rd1 Rab7 15. a3 Ng4 16. Bd2 Bd4 17. Be1 Qb6 18. e4 Nde5 19. h3 Nxf3+ 20. Bxf3 Ne5 21. Be2 Bxe2 22. Nxe2 Nf3+ 23. Kg2 Nxe1+ 24. Rxe1 Bg7 25. Rbd1 Qa5 26. Qa2 Ra7 27. Qc2 Qxa3 28. Rd3 Qb4 29. Qd2 Qxe4+ 30. f3 Qf5 31. g4 Qd7 32. Rd1 Qb5 33. Nc1 Qa6 34. Re3 Bh6 0-1

[Event "Asia-ch U16"]
[Site "Hikkaduwa"]
[Date "2012.06.27"]
[Round "3.5"]
[White "Javanbakht, Nima"]
[Black "Doluweera, Dinul Thisura"]
[Result "1-0"]
[WhiteElo "2395"]
[BlackElo "1773"]
[PlyCount "61"]
[EventDate "2012.06.26"]
[EventType "swiss"]
[EventRounds "9"]
[EventCountry "SRI"]
[SourceTitle "EXT 2024"]
[Source "ChessBase"]
[SourceDate "2023.10.10"]
[SourceVersion "1"]
[SourceVersionDate "2023.10.10"]
[SourceQuality "1"]

1. d4 Nf6 2. c4 g6 3. Nc3 Bg7 4. e4 d6 5. f3 0-0 6. Be3 e5 7. d5 Nh5 8. Qd2 f5 9. 0-0-0 Nd7 10. exf5 gxf5 11. Bd3 Ndf6 12. Nge2 a6 13. Bh6 Qe8 14. Rdg1 Rf7 15. h3 f4 16. Bg5 Kh8 17. g4 fxg3 18. Nxg3 Nxg3 19. Rxg3 Nh5 20. Rg4 Nf4 21. Bc2 b5 22. c5 Qf8 23. Rh4 Bf5 24. Ne4 Ng6 25. Rh5 Kg8 26. Rg1 a5 27. Be3 Nf4 28. Bxf4 Bg6 29. Rxh7 Bxh7 30. Ng5 Bxc2 31. Qxc2 1-0

[Event "Asia-ch U16"]
[Site "Hikkaduwa"]
[Date "2012.06.26"]
[Round "1.9"]
[White "Aghaei, Alireza"]
[Black "Doluweera, Dinul Thisura"]
[Result "1-0"]
[WhiteElo "2175"]
[BlackElo "1773"]
[PlyCount "61"]
[EventDate "2012.06.26"]
[EventType "swiss"]
[EventRounds "9"]
[EventCountry "SRI"]
[SourceTitle "EXT 2024"]
[Source "ChessBase"]
[SourceDate "2023.10.10"]
[SourceVersion "1"]
[SourceVersionDate "2023.10.10"]
[SourceQuality "1"]

1. d4 Nf6 2. c4 g6 3. Nc3 Bg7 4. e4 d6 5. f3 0-0 6. Bg5 c5 7. d5 h6 8. Be3 Nbd7 9. Qd2 Kh7 10. Nge2 a6 11. a4 Ne5 12. Nc1 Qa5 13. Ra3 Rb8 14. Be2 Qc7 15. 0-0 e6 16. h3 exd5 17. cxd5 g5 18. N1a2 Nfd7 19. Rc1 Qa5 20. Qc2 Ng6 21. Nd1 Qe1+ 22. Bf1 Qh4 23. Nac3 Nde5 24. Bf2 Qf4 25. Ne2 Qf6 26. Ng3 Nh4 27. Nh5 Qg6 28. Nxg7 Qxg7 29. f4 gxf4 30. Bxh4 Nf3+ 31. Rxf3 1-0